000 00386nam a2200145Ia 4500
008 231217s9999 xx 000 0 und d
041 _aEnglish
082 _a669 PHA
100 _aPhaneesh, K R Ramachandram, H D ed
245 0 _aMaterial science and matallurgy
260 _c2000
_bSudha publ.
_aBangalore
300 _a197
650 _aMaterial,science,matallurgy
942 _cAA
999 _c170255
_d170255